Online Catalogue and eLibrary

Vindication of the Rights of Woman (Record no. 1726)

MARC details
000 -LEADER
fixed length control field 00495nam a2200205Ia 4500
005 - DATE AND TIME OF LATEST TRANSACTION
control field 20250217060103.0
008 - FIXED-LENGTH DATA ELEMENTS--GENERAL INFORMATION
fixed length control field 240331s9999 xx 000 0 und d
020 ## - INTERNATIONAL STANDARD BOOK NUMBER
ISBN 014040029X
082 ## - DDC Classification
Item Number - Author Mark WOL
DDC Edition Number 319
Class No. 305.4
100 ## - MAIN ENTRY--PERSONAL NAME
Personal name Wollstonecraft, M
245 #0 - TITLE STATEMENT
Title Vindication of the Rights of Woman
260 ## - PUBLICATION, DISTRIBUTION, ETC.
Place of publication, distribution, etc. Middlesex
Name of publisher, distributor, etc. Pelican Books
Date of publication, distribution, etc. 1975
300 ## - PHYSICAL DESCRIPTION
Extent (e.g. Volumes, Pages etc.) 319 p.,
650 ## - SUBJECT ADDED ENTRY--TOPICAL TERM
Topical term or geographic name entry element Women
650 ## - SUBJECT ADDED ENTRY--TOPICAL TERM
Topical term or geographic name entry element Women's Rights
650 ## - SUBJECT ADDED ENTRY--TOPICAL TERM
Topical term or geographic name entry element Morality
650 ## - SUBJECT ADDED ENTRY--TOPICAL TERM
Topical term or geographic name entry element Society
650 ## - SUBJECT ADDED ENTRY--TOPICAL TERM
Topical term or geographic name entry element Economic
942 ## - Koha item type (Biblio)
Koha item type Books in Stacks (Lending)
Holdings
Lost status Damaged status Collection code Home library Current library Shelving location Date acquired Full call number Accession Number Item type
    Lending WERC Library WERC Library Social Science Cupboard 03/31/2024 305.4 WOL 319 Books in Stacks (Lending)

© WERC Library